Catálogo
 En Linea

El administrador de empresas para el siglo XXI. / (Registro nro. 28678)

Detalles MARC
000 -CABECERA
campo de control de longitud fija 00575nam a2200169 a 4500
001 - NÚMERO DE CONTROL
campo de control 000029186
005 - FECHA Y HORA DE LA ÚLTIMA TRANSACCIÓN
campo de control 20200930055401.0
008 - DATOS DE LONGITUD FIJA--INFORMACIÓN GENERAL
campo de control de longitud fija 110412s1998 dr 000 0 spa d
040 ## - FUENTE DE LA CATALOGACIÓN
Centro catalogador/agencia de origen DO-SdBNP
Lengua de catalogación spa
Centro/agencia transcriptor BNPHU
082 ## - NÚMERO DE LA CLASIFICACIÓN DECIMAL DEWEY
Número de clasificación xxxx
Número de documento/Ítem N127a
049 ## - FONDOS LOCALES (OCLC)
Fondos de biblioteca BNPD
100 1# - ENTRADA PRINCIPAL--NOMBRE DE PERSONA
Nombre de persona Nadal Salas, Pablo
9 (RLIN) 5154
245 13 - MENCIÓN DE TÍTULO
Título El administrador de empresas para el siglo XXI. /
Mención de responsabilidad, etc. Pablo Nadal Salas.
260 ## - PUBLICACIÓN, DISTRIBUCIÓN, ETC.
Lugar de publicación, distribución, etc. Santo Domingo :
Nombre del editor, distribuidor, etc. Tiempo,
Fecha de publicación, distribución, etc. 1998.
300 ## - DESCRIPCIÓN FÍSICA
Extensión 14 p. ;
Dimensiones 22 cm.
500 ## - NOTA GENERAL
Nota general Conferencia en la Universidad Nacional Pedro Henríquez Ureña (UNPHU) dictada el día 23 de abril de 1997
Existencias
Estado de retiro Estado de pérdida No para préstamo Código de colección Localización permanente Ubicación/localización actual Ubicación en estantería Fecha de adquisición Número de inventario Total de préstamos Signatura topográfica completa Código de barras Fecha visto por última vez Precio válido a partir de Tipo de ítem Koha
    Excluido de préstamo Patrimonio Dominicano Patrimonio Dominicano Patrimonio Dominicano En catalogación 14.04.2011 LF1   xxxx N127a 29186-10 25.06.2020 25.06.2020 Libro y Folleto Colección Patrimonio Dominicano

Con tecnología Koha